2-letter combos shared by 3 countries Quiz Stats

 Plays Quiz not verified by Sporcle

Support Sporcle.
Go Orange.
Score 0/16 Timer 10:00
0 Plays Today
Combo Country trio (A-Z) % Correct
KOKosovo North Korea South Korea
69.7%
JIDjibouti Fiji Tajikistan
66.7%
ZIBrazil Swaziland Zimbabwe
60.2%
FRCentral African Republic France South Africa
59.7%
JAAzerbaijan Jamaica Japan
58.4%
AKKazakhstan Pakistan Slovakia
53.7%
POPoland Portugal Singapore
51.5%
UGPortugal Uganda Uruguay
50.6%
Combo Country trio (A-Z) % Correct
HUBhutan Hungary Lithuania
47.6%
IVBolivia Cote D'Ivoire Maldives
45.9%
IGAntigua and Barbuda Niger Nigeria
42.4%
SESenegal Serbia Seychelles
40.3%
ETEthiopia Netherlands Vietnam
39.8%
PECape Verde Peru Sao Tome and Principe
39.8%
UDAntigua and Barbuda Saudi Arabia Sudan
39%
IELiechtenstein Sierra Leone Vietnam
37.7%

You're not logged in!

Compare scores with friends on all Sporcle quizzes.
OR
Log In

From the Vault

Baby Names: 'B' Boy Names by Decade

by triplet_3

Believe it or not, this quiz has nothing to do with Break Dancing.
Remove Ads.
Support Sporcle.
Get the best of Sporcle when you Go Orange. This ad-free experience offers more features, more stats, and more fun while also helping to support Sporcle. Thank you for becoming a member.

Show Comments

Extras

Top Quizzes Today


Score Distribution

Your Account Isn't Verified!

In order to create a playlist on Sporcle, you need to verify the email address you used during registration. Go to your Sporcle Settings to finish the process.

Report this User

Report this user for behavior that violates our Community Guidelines.

Details: